书目信息 |
| 题名: |
超宽带室内定位系统应用技术
|
|
| 作者: | 赵红梅 著 | |
| 分册: | ||
| 出版信息: | 北京 电子工业出版社 2021.4 |
|
| 页数: | 10,254页 | |
| 开本: | 26cm | |
| 丛书名: | ||
| 单 册: | ||
| 中图分类: | TN95 | |
| 科图分类: | ||
| 主题词: | 超宽带技术--应用--无线电定位 | |
| 电子资源: | ||
| ISBN: | 978-7-121-32542-7 | |
| 000 | 01247nam0 2200253 45 | |
| 001 | 012001002506 | |
| 005 | 20140914124111.0 | |
| 010 | @a978-7-121-32542-7@dCNY66.00 | |
| 100 | @a20171025d2017 em y0chiy50 ea | |
| 101 | 0 | @achi |
| 102 | @aCN@b110000 | |
| 105 | @aa z 000yy | |
| 106 | @ar | |
| 200 | 1 | @a超宽带室内定位系统应用技术@Achao kuan dai shi nei ding wei xi tong ying yong ji shu@b专著@dApplication technology of ultra wideband indoor positioning system@f赵红梅著@zeng |
| 210 | @a北京@c电子工业出版社@d2021.4 | |
| 215 | @a10,254页@c图@d26cm | |
| 300 | @a并列题名:Application technology of ultra wideband indoor positioning system | |
| 330 | @a本书主要讲述基于脉冲超宽带无线通信技术的室内定位系统中的几大关键技术,包括有源标签设计、小型化超宽带天线设计、滤波器设计、室内电波传播建模及预测、室内定位系统基站设计分析、基于TDOA方法的高精度定位算法研究、移动目标跟踪定位算法研究等。全书基本涵盖了超宽带室内定位系统的整个系统设计内容,包括理论研究、硬件设计及软件设计等。 | |
| 510 | 1 | @aApplication technology of ultra wideband indoor positioning system@zeng |
| 606 | 0 | @a超宽带技术@x应用@x无线电定位 |
| 690 | @aTN95@v5 | |
| 701 | 0 | @a赵红梅@Azhao hong mei@4著 |
| 801 | 2 | @aCN@bBJSDL@c20211018 |
| 905 | @b1339994-7@dTN95@e44@f4 | |
| 超宽带室内定位系统应用技术=Application technology of ultra wideband indoor positioning system/赵红梅著.-北京:电子工业出版社,2021.4 |
| 10,254页:图;26cm |
| 并列题名:Application technology of ultra wideband indoor positioning system |
| ISBN 978-7-121-32542-7:CNY66.00 |
| 本书主要讲述基于脉冲超宽带无线通信技术的室内定位系统中的几大关键技术,包括有源标签设计、小型化超宽带天线设计、滤波器设计、室内电波传播建模及预测、室内定位系统基站设计分析、基于TDOA方法的高精度定位算法研究、移动目标跟踪定位算法研究等。全书基本涵盖了超宽带室内定位系统的整个系统设计内容,包括理论研究、硬件设计及软件设计等。 |
| ● |
| 相关链接 |
|
|
|
|
正题名:超宽带室内定位系统应用技术
索取号:TN95/44
 
预约/预借
| 序号 | 登录号 | 条形码 | 馆藏地/架位号 | 状态 | 备注 |
| 1 | 1339994 | 213399945 | 第二样本阅览室/ [索取号:TN95/44] | 在馆 | |
| 2 | 1339995 | 213399954 | 第三借阅区/ [索取号:TN95/44] | 在馆 | |
| 3 | 1339996 | 213399963 | 第三借阅区/ [索取号:TN95/44] | 在馆 | |
| 4 | 1339997 | 213399972 | 第三借阅区/ [索取号:TN95/44] | 在馆 |